Վարդապետ : (Record no. 123234)
[ view plain ]
| 000 -LEADER | |
|---|---|
| fixed length control field | 00745nam a2200205 a 4500 |
| 001 - CONTROL NUMBER | |
| control field | 000329514 |
| 003 - CONTROL NUMBER IDENTIFIER | |
| control field | AM-YeHGA |
| 005 - DATE AND TIME OF LATEST TRANSACTION | |
| control field | 20250618072052.0 |
| 008 - FIXED-LENGTH DATA ELEMENTS--GENERAL INFORMATION | |
| fixed length control field | 040421s1903 aj |||||r|||||||||0|arm|d |
| 040 ## - CATALOGING SOURCE | |
| Original cataloging agency | AM-YeHGA |
| 041 1# - LANGUAGE CODE | |
| Language code of text/sound track or separate title | arm |
| Language code of original | eng |
| 090 ## - LOCALLY ASSIGNED LC-TYPE CALL NUMBER (OCLC); LOCAL CALL NUMBER (RLIN) | |
| -- | 124588 |
| 100 1# - MAIN ENTRY--PERSONAL NAME | |
| Personal name | Անտոնիոս, Ի. |
| 245 10 - TITLE STATEMENT | |
| Title | Վարդապետ : |
| Remainder of title | Լեհաստանի հայերի պատմութեան վերջին երեսը / |
| Statement of responsibility, etc. | DR. Antonius I. ; Թարգմ.՝ Մ. Բարխուդարեան. |
| 260 ## - PUBLICATION, DISTRIBUTION, ETC. | |
| Place of publication, distribution, etc. | Բագու : |
| Name of publisher, distributor, etc. | տպ. Ս. Անտօնեանցի, |
| Date of publication, distribution, etc. | 1903. |
| 300 ## - PHYSICAL DESCRIPTION | |
| Extent | 48 էջ |
| 650 10 - SUBJECT ADDED ENTRY--TOPICAL TERM | |
| Topical term or geographic name entry element | Հայոց պատմություն |
| Geographic subdivision | Լեհաստան |
| 700 1# - ADDED ENTRY--PERSONAL NAME | |
| Personal name | Բարխուդարյան, Մակար, |
| Dates associated with a name | 1832-1906 |
| Relator term | թարգմ. |
| Relationship | trl |
| 9 (RLIN) | 2913 |
| 942 ## - ADDED ENTRY ELEMENTS (KOHA) | |
| Source of classification or shelving scheme | Universal Decimal Classification |
| Koha item type | Գրքեր / Books |
| Withdrawn status | Lost status | Source of classification or shelving scheme | Damaged status | Not for loan | Collection | Home library | Current library | Date acquired | Total checkouts | Full call number | Barcode | Date last seen | Price effective from | Koha item type | Public note | Cost, replacement price |
|---|---|---|---|---|---|---|---|---|---|---|---|---|---|---|---|---|
| Universal Decimal Classification | Agulian Individual Collection | Fundamental Scientific Library | Fundamental Scientific Library | 22/12/2016 | Agul/531 | FL0080409 | 22/12/2016 | 22/12/2016 | Գրքեր / Books | ILL Non-Circ. | ||||||
| General | Fundamental Scientific Library | Fundamental Scientific Library | 22/12/2016 | AII/32181 | 220032181 | 22/12/2016 | 22/12/2016 | Գրքեր / Books | 30 Days Loan | |||||||
| General | Fundamental Scientific Library | Fundamental Scientific Library | 22/12/2016 | AII/32182 | 220032182 | 22/12/2016 | 22/12/2016 | Գրքեր / Books | 30 Days Loan | |||||||
| General | Fundamental Scientific Library | Fundamental Scientific Library | 22/12/2016 | AII/32196 | 220032196 | 22/12/2016 | 22/12/2016 | Գրքեր / Books | 30 Days Loan | |||||||
| General | Fundamental Scientific Library | Fundamental Scientific Library | 22/12/2016 | AII/32197 | 220032197 | 22/12/2016 | 22/12/2016 | Գրքեր / Books | 30 Days Loan | |||||||
| General | Fundamental Scientific Library | Fundamental Scientific Library | 22/12/2016 | AII/67294 | 220067294 | 22/12/2016 | 22/12/2016 | Գրքեր / Books | 30 Days Loan | |||||||
| General | Fundamental Scientific Library | Fundamental Scientific Library | 22/12/2016 | AII/67294 | FL0076221 | 22/12/2016 | 22/12/2016 | Գրքեր / Books | 30 Days Loan | 60.00 | ||||||
| Universal Decimal Classification | Alpoiajian Individual Collection | Fundamental Scientific Library | Fundamental Scientific Library | 03/04/2019 | Ալպ/948 | FL0568859 | 03/04/2019 | 03/04/2019 | Գրքեր / Books | ILL Non-Circ. | ||||||
| Universal Decimal Classification | Kusikian Individual Collection | Fundamental Scientific Library | Fundamental Scientific Library | 11/02/2020 | Կուս/131 | FL0622305 | 11/02/2020 | 11/02/2020 | Գրքեր / Books | ILL Non-Circ. |
ՀՀ Գիտությունների ազգային ակադեմիայի հիմնարար գիտական գրադարան = Fundamental Scientific Library of NAS RA
All site content, except where otherwise noted, is licensed under a